[Event "38. Open Ciutat de Badalona 2012"]
[Site "Badalona ESP"]
[Date "2012.08.05"]
[Round "5.7"]
[White "Laxman, R R."]
[Black "Fernandez Cardoso, Alexey"]
[Result "0-1"]
[WhiteElo "2428"]
[BlackElo "2449"]
[PlyCount "72"]
[EventDate "2012.08.01"]
[EventType "swiss"]
[EventRounds "9"]
[EventCountry "ESP"]
[SourceTitle "Ajedrez en Madrid"]
[Source "lmi"]
[SourceDate "2012.08.01"]
[SourceVersion "1"]
[SourceVersionDate "2018.07.18"]
[SourceQuality "1"]

1. Nf3 d5 2. d4 Nf6 3. c4 c6 4. e3 e6 5. Bd3 dxc4 6. Bxc4 Nbd7 7. O-O Bd6 8.
Nbd2 O-O 9. Qe2 Qe7 10. h3 e5 11. dxe5 Nxe5 12. Nxe5 Qxe5 13. f4 Qc5 14. Kh1
Re8 15. e4 Nh5 16. Qd3 b5 17. Bxf7+ Kxf7 18. e5 Qd5 19. Qxd5+ cxd5 20. Kh2 Bb4
21. Nf3 g6 22. Be3 Ng7 23. Rac1 Kg8 24. Rfd1 a6 25. a3 Be7 26. Rxd5 Bb7 27. Rd7
Bxf3 28. gxf3 Nf5 29. Bb6 Rac8 30. Rcc7 Rxc7 31. Rxc7 Bh4 32. Ra7 Bg3+ 33. Kg2
Bxf4 34. Rxa6 Rxe5 35. b4 Re2+ 36. Kf1 Ra2 0-1

[Event "38. Open Ciutat de Badalona 2012"]
[Site "Badalona ESP"]
[Date "2012.08.05"]
[Round "5.8"]
[White "Buchenau, Frank"]
[Black "Lorenzo De La Riva, Lazaro"]
[Result "1/2-1/2"]
[WhiteElo "2299"]
[BlackElo "2444"]
[PlyCount "97"]
[EventDate "2012.08.01"]
[EventType "swiss"]
[EventRounds "9"]
[EventCountry "ESP"]
[SourceTitle "Ajedrez en Madrid"]
[Source "lmi"]
[SourceDate "2012.08.01"]
[SourceVersion "1"]
[SourceVersionDate "2018.07.18"]
[SourceQuality "1"]

1. e4 e5 2. Nf3 Nc6 3. Bc4 Nf6 4. d3 Bc5 5. c3 a6 6. O-O d6 7. d4 Ba7 8. dxe5
dxe5 9. Qxd8+ Nxd8 10. Nxe5 Nxe4 11. Nd2 Nd6 12. Bb3 O-O 13. Ndc4 Nxc4 14. Nxc4
Re8 15. Bf4 Ne6 16. Rfe1 Bd7 17. Bg3 Rad8 18. Ne5 Bc8 19. Ba4 Rf8 20. Rad1 Nc5
21. Bc2 f6 22. Nf3 Rxd1 23. Rxd1 Bb6 24. b4 Ne6 25. Bb3 Kh8 26. Kf1 g5 27. Re1
Ng7 28. c4 c6 29. c5 Bd8 30. Nd4 Re8 31. Rxe8+ Nxe8 32. Ne6 Be7 33. f4 Ng7 34.
Nxg7 Kxg7 35. Ke2 h6 36. Ke3 Bf5 37. Be1 Kg6 38. Bc3 a5 39. a3 axb4 40. axb4
Bd8 41. h3 Bc7 42. fxg5 hxg5 43. g4 Bf4+ 44. Kf3 Bd7 45. h4 Bc1 46. h5+ Kg7 47.
Bc4 Ba3 48. Bb3 Bc1 49. Bc4 1/2-1/2

[Event "38. Open Ciutat de Badalona 2012"]
[Site "Badalona ESP"]
[Date "2012.08.05"]
[Round "5.9"]
[White "Colon Garcia, Enrique"]
[Black "Palit, Somak"]
[Result "1/2-1/2"]
[WhiteElo "2339"]
[BlackElo "2435"]
[PlyCount "98"]
[EventDate "2012.08.01"]
[EventType "swiss"]
[EventRounds "9"]
[EventCountry "ESP"]
[SourceTitle "Ajedrez en Madrid"]
[Source "lmi"]
[SourceDate "2012.08.01"]
[SourceVersion "1"]
[SourceVersionDate "2018.07.18"]
[SourceQuality "1"]

1. d4 Nf6 2. c4 g6 3. Nc3 d5 4. cxd5 Nxd5 5. Na4 e5 6. dxe5 Bb4+ 7. Bd2 Ne3 8.
fxe3 Bxd2+ 9. Qxd2 Qh4+ 10. g3 Qxa4 11. Qc3 O-O 12. Nf3 Nc6 13. Bg2 Qb4 14. Rc1
Qxc3+ 15. Rxc3 Ne7 16. Nd2 c6 17. O-O Be6 18. Nc4 Bxc4 19. Rxc4 Nf5 20. Rc3
Rfe8 21. Rb3 Re7 22. Bh3 Ng7 23. Rd1 b6 24. Rbd3 Ne6 25. b4 c5 26. Bxe6 Rxe6
27. bxc5 bxc5 28. Rd5 Rc6 29. Kf2 Kg7 30. e4 Rb8 31. R1d2 c4 32. Rc2 Kf8 33.
Ke3 Rb1 34. Rd4 c3 35. Rd3 Rb2 36. Rcxc3 Rxc3 37. Rxc3 Rxa2 38. Rc7 h6 39. h4
a5 40. Ra7 a4 41. e6 fxe6 42. Kf4 Rxe2 43. Ke5 h5 44. Kf6 Rf2+ 45. Kxg6 Rf3 46.
Rxa4 Rxg3+ 47. Kf6 Rf3+ 48. Kxe6 Rf4 49. Ke5 Rxh4 1/2-1/2

[Event "38. Open Ciutat de Badalona 2012"]
[Site "Badalona ESP"]
[Date "2012.08.05"]
[Round "5.10"]
[White "Pogorelov, Ruslan"]
[Black "Ortiz Suarez, Isan Reynaldo"]
[Result "0-1"]
[WhiteElo "2405"]
[BlackElo "2569"]
[PlyCount "77"]
[EventDate "2012.08.01"]
[EventType "swiss"]
[EventRounds "9"]
[EventCountry "ESP"]
[SourceTitle "Ajedrez en Madrid"]
[Source "lmi"]
[SourceDate "2012.08.01"]
[SourceVersion "1"]
[SourceVersionDate "2018.07.18"]
[SourceQuality "1"]

1. Nf3 c5 2. c4 Nc6 3. d4 cxd4 4. Nxd4 Nf6 5. Nc3 e6 6. a3 Bc5 7. Nb3 Be7 8. e4
O-O 9. Be3 b6 10. f4 d6 11. Bd3 Bb7 12. O-O Nd7 13. Bc2 a6 14. Qe2 Nc5 15. Rad1
Qc7 16. Nd2 Bf6 17. Ndb1 Rfd8 18. b4 Nd7 19. Rd2 Rac8 20. Rfd1 Be7 21. Qf2 Rb8
22. Bd3 Na7 23. Ra2 Ba8 24. a4 Nc8 25. Nd2 Bf8 26. Nb3 Ne7 27. Rb1 Rdc8 28. a5
bxa5 29. Nxa5 Ng6 30. Ba7 d5 31. Bxb8 Rxb8 32. exd5 Bxb4 33. Nb3 Nxf4 34. Bf1
Bf8 35. g3 Ng6 36. Ne4 exd5 37. cxd5 Qe5 38. Bg2 Bxd5 39. Nbd2 0-1

[Event "38. Open Ciutat de Badalona 2012"]
[Site "Badalona ESP"]
[Date "2012.08.06"]
[Round "6.1"]
[White "Jimenez Fraga, Pedro Alejandro"]
[Black "Roy Chowdhury, Saptarshi"]
[Result "1-0"]
[WhiteElo "2446"]
[BlackElo "2391"]
[PlyCount "89"]
[EventDate "2012.08.01"]
[EventType "swiss"]
[EventRounds "9"]
[EventCountry "ESP"]
[SourceTitle "Ajedrez en Madrid"]
[Source "lmi"]
[SourceDate "2012.08.01"]
[SourceVersion "1"]
[SourceVersionDate "2018.07.18"]
[SourceQuality "1"]

1. e4 c5 2. Nf3 Nc6 3. d3 g6 4. g3 Bg7 5. Bg2 d6 6. O-O e6 7. c3 Nge7 8. d4
cxd4 9. cxd4 O-O 10. Nc3 a6 11. Bg5 h6 12. Be3 d5 13. Qd2 Kh7 14. e5 Bd7 15. h4
Nf5 16. Bf4 f6 17. exf6 Qxf6 18. Ne5 Rad8 19. Nxc6 Bxc6 20. Be5 Qf7 21. Rae1
Nd6 22. Bxg7 Kxg7 23. b3 Qf6 24. Re3 Nf5 25. Re5 Bd7 26. Rfe1 Rc8 27. Na4 Rc6
28. Nc5 Bc8 29. Bh3 b6 30. Na4 Nd6 31. Bg2 Nf5 32. Bh3 Nd6 33. Bg2 Nf5 34. Nc3
Bd7 35. Bh3 Ne7 36. R1e3 Rfc8 37. Kg2 Kh7 38. Qe1 Qf8 39. Bxe6 Bxe6 40. Rxe6
Nf5 41. Rf3 Qf7 42. Re5 Kh8 43. Nxd5 Rf8 44. Qe4 Rd6 45. Rexf5 1-0

[Event "38. Open Ciutat de Badalona 2012"]
[Site "Badalona ESP"]
[Date "2012.08.06"]
[Round "6.2"]
[White "Kiewra, Keaton F"]
[Black "Barrientos, Sergio E"]
[Result "1/2-1/2"]
[WhiteElo "2364"]
[BlackElo "2500"]
[PlyCount "157"]
[EventDate "2012.08.01"]
[EventType "swiss"]
[EventRounds "9"]
[EventCountry "ESP"]
[SourceTitle "Ajedrez en Madrid"]
[Source "lmi"]
[SourceDate "2012.08.01"]
[SourceVersion "1"]
[SourceVersionDate "2018.07.18"]
[SourceQuality "1"]

1. d4 Nf6 2. c4 e6 3. Nc3 Bb4 4. Qc2 c5 5. dxc5 O-O 6. Nf3 Bxc5 7. Bg5 Nc6 8.
e4 h6 9. Bh4 Be7 10. Be2 Nh5 11. Bg3 Nxg3 12. hxg3 Qc7 13. O-O a6 14. Rfd1 Rb8
15. Nd5 exd5 16. cxd5 Bf6 17. Rac1 Re8 18. dxc6 dxc6 19. Nd2 Be6 20. b3 Rbd8
21. Nc4 Bd4 22. Bf3 b5 23. Nb2 c5 24. Nd3 Rc8 25. Nf4 Qe5 26. Ne2 g5 27. Nxd4
cxd4 28. Qd2 Rc3 29. Be2 Qxe4 30. Bd3 Qe5 31. Re1 Qf6 32. Re4 Rec8 33. Rce1 Kg7
34. Re5 R8c5 35. f4 Rxe5 36. Rxe5 b4 37. Ra5 gxf4 38. gxf4 Qh4 39. Re5 Qg3 40.
Be2 d3 41. Bd1 Bg4 42. Re3 Qxf4 43. Bxg4 Qxg4 44. Rxd3 Rxd3 45. Qxd3 a5 46. Qd5
Qg5 47. Qd4+ Kh7 48. Qd7 Qc1+ 49. Kh2 Qf4+ 50. Kg1 Kg7 51. Qd5 Qg5 52. Qd4+ Kg6
53. Qd6+ Kh7 54. Qd3+ Kg8 55. Qd7 h5 56. Qe8+ Kg7 57. Qd7 Qe5 58. Qd8 f6 59.
Qd2 Kg6 60. Kh1 h4 61. Qd3+ Kg5 62. Qd2+ Kg6 63. Qd3+ f5 64. Qa6+ Kg5 65. Qa8
Qa1+ 66. Kh2 Qe5+ 67. Kh1 Qc5 68. Qd8+ Kg4 69. Qd1+ Kf4 70. Qd2+ Qe3 71. Qd6+
Kg4 72. Qg6+ Qg5 73. Qc6 Kh5 74. Qe8+ Qg6 75. Qh8+ Qh6 76. Qe8+ Kg5 77. Qe3+
Kh5 78. Qe2+ Kg6 79. Qe5 1/2-1/2

[Event "38. Open Ciutat de Badalona 2012"]
[Site "Badalona ESP"]
[Date "2012.08.06"]
[Round "6.4"]
[White "Fernandez Cardoso, Alexey"]
[Black "Guerra Mendez, Jose Angel"]
[Result "0-1"]
[WhiteElo "2449"]
[BlackElo "2441"]
[PlyCount "54"]
[EventDate "2012.08.01"]
[EventType "swiss"]
[EventRounds "9"]
[EventCountry "ESP"]
[SourceTitle "Ajedrez en Madrid"]
[Source "lmi"]
[SourceDate "2012.08.01"]
[SourceVersion "1"]
[SourceVersionDate "2018.07.18"]
[SourceQuality "1"]

1. e4 e5 2. Nf3 Nc6 3. Bc4 Bc5 4. c3 Nf6 5. d3 d6 6. Bb3 O-O 7. h3 a6 8. Nbd2
Ba7 9. Nf1 Be6 10. Bc2 d5 11. Qe2 b5 12. exd5 Bxd5 13. Ng3 Re8 14. Bg5 h6 15.
Bxf6 Qxf6 16. Ne4 Qe6 17. g4 Bxa2 18. Nh4 Bd5 19. Nf5 Ne7 20. Qf3 c6 21. Rg1
Ng6 22. g5 Nf4 23. Nxh6+ gxh6 24. gxh6+ Kh8 25. O-O-O f5 26. Rg5 fxe4 27. dxe4
Bc4 0-1

[Event "38. Open Ciutat de Badalona 2012"]
[Site "Badalona ESP"]
[Date "2012.08.06"]
[Round "6.6"]
[White "Ortiz Suarez, Isan Reynaldo"]
[Black "Ruiz Sanchez, Orlen"]
[Result "1/2-1/2"]
[WhiteElo "2569"]
[BlackElo "2418"]
[PlyCount "107"]
[EventDate "2012.08.01"]
[EventType "swiss"]
[EventRounds "9"]
[EventCountry "ESP"]
[SourceTitle "Ajedrez en Madrid"]
[Source "lmi"]
[SourceDate "2012.08.01"]
[SourceVersion "1"]
[SourceVersionDate "2018.07.18"]
[SourceQuality "1"]

1. e4 d5 2. exd5 Qxd5 3. Nc3 Qa5 4. d4 Nf6 5. Bc4 Bg4 6. Nge2 Nc6 7. f3 Be6 8.
Bd3 Bf5 9. O-O Bxd3 10. Qxd3 e6 11. a3 O-O-O 12. Kh1 Kb8 13. Qc4 Qf5 14. Bf4 g5
15. Bg3 h5 16. h3 Bd6 17. Bxd6 cxd6 18. b4 Nd5 19. Nxd5 exd5 20. Qc3 Rc8 21.
Qd2 Nd8 22. c3 Ne6 23. Rfe1 h4 24. a4 Rhe8 25. Kg1 Re7 26. Nc1 Rce8 27. Nd3 Nf4
28. Nxf4 gxf4 29. Rxe7 Rxe7 30. Re1 Re6 31. b5 Qg5 32. Kf1 Re3 33. a5 Qe7 34.
Rxe3 fxe3 35. Qd3 Qg5 36. b6 axb6 37. axb6 Kc8 38. c4 Kd7 39. cxd5 Qxd5 40.
Qxe3 Qb5+ 41. Kg1 Qxb6 42. Qf4 Qb1+ 43. Kh2 Qh7 44. d5 Qh5 45. Qa4+ Kc7 46.
Qc4+ Kd7 47. Kg1 Qg5 48. Kf1 Qf6 49. f4 Qb2 50. Kg1 Qb6+ 51. Kh1 Qc5 52. Qe4 b5
53. Qf5+ Ke8 54. Qe4+ 1/2-1/2

[Event "38. Open Ciutat de Badalona 2012"]
[Site "Badalona ESP"]
[Date "2012.08.06"]
[Round "6.8"]
[White "Palit, Somak"]
[Black "Munoz Pantoja, Miguel"]
[Result "1/2-1/2"]
[WhiteElo "2435"]
[BlackElo "2496"]
[PlyCount "71"]
[EventDate "2012.08.01"]
[EventType "swiss"]
[EventRounds "9"]
[EventCountry "ESP"]
[SourceTitle "Ajedrez en Madrid"]
[Source "lmi"]
[SourceDate "2012.08.01"]
[SourceVersion "1"]
[SourceVersionDate "2018.07.18"]
[SourceQuality "1"]

1. e4 c5 2. Nf3 Nc6 3. d3 g6 4. Nbd2 Bg7 5. g3 e5 6. Bg2 Nge7 7. h4 h6 8. Nc4
d5 9. exd5 Nxd5 10. Nfd2 O-O 11. Ne4 Nb6 12. Ncd6 f5 13. Nxc8 Nxc8 14. Nc3 N8e7
15. Be3 Nd4 16. Qd2 Kh7 17. O-O-O Qd7 18. f4 exf4 19. Bxf4 Nb5 20. Nxb5 Qxb5
21. c3 Qd7 22. Qf2 Rac8 23. Rhe1 b6 24. Be5 Nc6 25. Bxg7 Kxg7 26. Re3 Rce8 27.
Rde1 Rxe3 28. Qxe3 Rf6 29. Qe8 Qxe8 30. Rxe8 Kf7 31. Ra8 a5 32. Bd5+ Ke7 33.
Rh8 g5 34. hxg5 hxg5 35. Rh5 Ne5 36. Rxg5 1/2-1/2

[Event "38. Open Ciutat de Badalona 2012"]
[Site "Badalona ESP"]
[Date "2012.08.06"]
[Round "6.10"]
[White "Gallego Alcaraz, Andres Felipe"]
[Black "Alarcon Casellas, Rolando"]
[Result "0-1"]
[WhiteElo "2377"]
[BlackElo "2471"]
[PlyCount "74"]
[EventDate "2012.08.01"]
[EventType "swiss"]
[EventRounds "9"]
[EventCountry "ESP"]
[SourceTitle "Ajedrez en Madrid"]
[Source "lmi"]
[SourceDate "2012.08.01"]
[SourceVersion "1"]
[SourceVersionDate "2018.07.18"]
[SourceQuality "1"]

1. e4 e6 2. d4 d5 3. Nd2 Nf6 4. e5 Nfd7 5. Bd3 c5 6. c3 Nc6 7. Ne2 cxd4 8. cxd4
f6 9. exf6 Nxf6 10. Nf3 Bd6 11. O-O Qc7 12. Bd2 O-O 13. Rc1 Qb6 14. Bc3 Bd7 15.
Ng3 Bf4 16. Ra1 Rae8 17. Ne5 Re7 18. Nh5 Bxe5 19. dxe5 Nxh5 20. Qxh5 g6 21. Qe2
Ref7 22. a3 a6 23. h4 Rf4 24. h5 Be8 25. Bd2 Nd4 26. Qe3 Bb5 27. hxg6 Bxd3 28.
Qxd3 Rg4 29. gxh7+ Kh8 30. g3 Qxb2 31. Kg2 Rf3 32. Rab1 Qa2 33. Qxf3 Nxf3 34.
Kxf3 Rg7 35. Bb4 Rf7+ 36. Kg2 Qe2 37. Rb3 Qe4+ 0-1

[Event "38. Open Ciutat de Badalona 2012"]
[Site "Badalona ESP"]
[Date "2012.08.07"]
[Round "7.1"]
[White "Guerra Mendez, Jose Angel"]
[Black "Jimenez Fraga, Pedro Alejandro"]
[Result "0-1"]
[WhiteElo "2441"]
[BlackElo "2446"]
[PlyCount "89"]
[EventDate "2012.08.01"]
[EventType "swiss"]
[EventRounds "9"]
[EventCountry "ESP"]
[SourceTitle "Ajedrez en Madrid"]
[Source "lmi"]
[SourceDate "2012.08.01"]
[SourceVersion "1"]
[SourceVersionDate "2018.07.18"]
[SourceQuality "1"]

1. e4 c5 2. Nf3 d6 3. d4 cxd4 4. Nxd4 Nf6 5. Nc3 e6 6. g3 Nc6 7. Bg2 Bd7 8. O-O
Be7 9. a4 O-O 10. Re1 a6 11. Nb3 Qc7 12. g4 Rac8 13. Re3 g6 14. Rg3 Ne5 15. Bg5
b5 16. axb5 axb5 17. Qd4 Rfe8 18. h3 Qb8 19. f4 Nc6 20. Qd2 b4 21. Ne2 d5 22.
exd5 Nxd5 23. Bxe7 Ncxe7 24. Kh2 Bb5 25. Ned4 Bc4 26. f5 e5 27. fxg6 hxg6 28.
Nf5 e4 29. Qh6 Qe5 30. Nbd4 Nf4 31. Ra5 Bd5 32. Qg5 Nxf5 33. gxf5 Nxg2 34. Rxd5
Qxd5 35. Qh6 Nh4 36. fxg6 Nxg6 37. Rxg6+ fxg6 38. Qxg6+ Kf8 39. Qf6+ Qf7 40.
Qh8+ Ke7 41. Qe5+ Kd7 42. Qb5+ Kd8 43. Qg5+ Re7 44. Kg3 e3 45. Qg4 0-1

[Event "38. Open Ciutat de Badalona 2012"]
[Site "Badalona ESP"]
[Date "2012.08.07"]
[Round "7.3"]
[White "Prasca Sosa, Rafael"]
[Black "Lalith, Babu M R"]
[Result "0-1"]
[WhiteElo "2415"]
[BlackElo "2515"]
[PlyCount "84"]
[EventDate "2012.08.01"]
[EventType "swiss"]
[EventRounds "9"]
[EventCountry "ESP"]
[SourceTitle "Ajedrez en Madrid"]
[Source "lmi"]
[SourceDate "2012.08.01"]
[SourceVersion "1"]
[SourceVersionDate "2018.07.18"]
[SourceQuality "1"]

1. e4 c6 2. d4 d5 3. Nc3 dxe4 4. Nxe4 Bf5 5. Nc5 e5 6. Nxb7 Qb6 7. Nc5 Bxc5 8.
dxc5 Qxc5 9. c3 Nf6 10. Be3 Qe7 11. Be2 O-O 12. Nf3 Rd8 13. Qc1 Bg4 14. h3 Bh5
15. g4 Bg6 16. Nh4 Nbd7 17. Nxg6 hxg6 18. Qc2 Nd5 19. Bd2 Qc5 20. Rf1 Nf8 21.
O-O-O Ne6 22. Bf3 Rab8 23. Bxd5 cxd5 24. f4 exf4 25. Bxf4 Rbc8 26. Kb1 d4 27.
Bd2 Rc7 28. Be1 Qc6 29. Bg3 Rcc8 30. Rd3 Qb7 31. Rfd1 dxc3 32. Rxd8+ Nxd8 33.
Be5 cxb2 34. Qxb2 Qe4+ 35. Ka1 Ne6 36. Rb1 g5 37. a3 Qe3 38. Rd1 Qxh3 39. Qb4
Qf3 40. Re1 a5 41. Qb2 a4 42. Bd6 Qxg4 0-1

[Event "38. Open Ciutat de Badalona 2012"]
[Site "Badalona ESP"]
[Date "2012.08.07"]
[Round "7.6"]
[White "Roy Chowdhury, Saptarshi"]
[Black "Gonzalez Garcia, Jose"]
[Result "1/2-1/2"]
[WhiteElo "2391"]
[BlackElo "2532"]
[PlyCount "20"]
[EventDate "2012.08.01"]
[EventType "swiss"]
[EventRounds "9"]
[EventCountry "ESP"]
[SourceTitle "Ajedrez en Madrid"]
[Source "lmi"]
[SourceDate "2012.08.01"]
[SourceVersion "1"]
[SourceVersionDate "2018.07.18"]
[SourceQuality "1"]

1. e4 e5 2. Nf3 Nc6 3. Bc4 Bc5 4. c3 Nf6 5. d3 O-O 6. Bb3 d5 7. Qe2 Be6 8. Nbd2
dxe4 9. dxe4 Bxb3 10. axb3 a5 1/2-1/2

[Event "38. Open Ciutat de Badalona 2012"]
[Site "Badalona ESP"]
[Date "2012.08.07"]
[Round "7.7"]
[White "Arenas, David"]
[Black "Ortiz Suarez, Isan Reynaldo"]
[Result "0-1"]
[WhiteElo "2406"]
[BlackElo "2569"]
[PlyCount "56"]
[EventDate "2012.08.01"]
[EventType "swiss"]
[EventRounds "9"]
[EventCountry "ESP"]
[SourceTitle "Ajedrez en Madrid"]
[Source "lmi"]
[SourceDate "2012.08.01"]
[SourceVersion "1"]
[SourceVersionDate "2018.07.18"]
[SourceQuality "1"]

1. e4 c5 2. Nf3 d6 3. d4 cxd4 4. Nxd4 Nf6 5. Nc3 a6 6. Bc4 e6 7. Bb3 Nbd7 8.
Bg5 Nc5 9. f4 Be7 10. Qf3 Qc7 11. O-O-O b5 12. a3 Bb7 13. Rhe1 h6 14. Bxf6
Nxb3+ 15. cxb3 Bxf6 16. b4 O-O 17. Kb1 Rac8 18. Qe3 Qb8 19. g4 Rc4 20. Rd3 Qa8
21. h4 e5 22. fxe5 Bxe5 23. Ka2 Re8 24. Qd2 a5 25. b3 axb4 26. Ncxb5 Rc5 27.
Qxb4 Ba6 28. Rc3 Bxb5 0-1

[Event "38. Open Ciutat de Badalona 2012"]
[Site "Badalona ESP"]
[Date "2012.08.07"]
[Round "7.8"]
[White "Hernandez, Carmenate Holden"]
[Black "Lorenzo De La Riva, Lazaro"]
[Result "1-0"]
[WhiteElo "2566"]
[BlackElo "2444"]
[PlyCount "135"]
[EventDate "2012.08.01"]
[EventType "swiss"]
[EventRounds "9"]
[EventCountry "ESP"]
[SourceTitle "Ajedrez en Madrid"]
[Source "lmi"]
[SourceDate "2012.08.01"]
[SourceVersion "1"]
[SourceVersionDate "2018.07.18"]
[SourceQuality "1"]

1. d4 Nf6 2. c4 g6 3. f3 d5 4. cxd5 Nxd5 5. e4 Nb6 6. Nc3 Bg7 7. Be3 O-O 8. Qd2
Nc6 9. O-O-O f5 10. e5 Nb4 11. Nh3 Be6 12. Kb1 Qd7 13. Nf4 Bf7 14. h4 Rfd8 15.
a3 a5 16. g4 Bb3 17. g5 N4d5 18. Be2 Nxf4 19. Bxf4 Bxd1 20. Rxd1 e6 21. h5 c6
22. Qe1 Nd5 23. Nxd5 cxd5 24. Qf1 Rdc8 25. Bb5 Qf7 26. h6 Bf8 27. Qd3 Qc7 28.
Qb3 Qb6 29. Qa4 Be7 30. Rd3 Kf7 31. Bd2 f4 32. Bxf4 Qd8 33. Bd2 Bxg5 34. f4 Be7
35. f5 exf5 36. Bd7 Rc7 37. e6+ Kg8 38. Qb5 Qf8 39. Qxd5 b6 40. Bf4 Rca7 41.
Rb3 Rd8 42. Rxb6 g5 43. Bxg5 f4 44. Rb3 Raxd7 45. exd7+ Qf7 46. Qxf7+ Kxf7 47.
Bxf4 Rxd7 48. Be5 Kg6 49. Rb6+ Kf5 50. Rb5 a4 51. Ra5 Bg5 52. Bg7+ Kg6 53. Ra6+
Kh5 54. Rxa4 Bxh6 55. Bxh6 Kxh6 56. Kc2 Kg5 57. Kc3 h5 58. Ra8 Rh7 59. Rg8+ Kf5
60. b4 h4 61. b5 h3 62. Rg1 h2 63. Rh1 Kf4 64. Kc4 Rc7+ 65. Kb4 Rd7 66. b6 Ke4
67. a4 Rb7 68. Ka5 1-0

[Event "38. Open Ciutat de Badalona 2012"]
[Site "Badalona ESP"]
[Date "2012.08.07"]
[Round "7.10"]
[White "Perez Mitjans, Orelvis"]
[Black "Ruiz Sanchez, Orlen"]
[Result "1-0"]
[WhiteElo "2504"]
[BlackElo "2418"]
[PlyCount "167"]
[EventDate "2012.08.01"]
[EventType "swiss"]
[EventRounds "9"]
[EventCountry "ESP"]
[SourceTitle "Ajedrez en Madrid"]
[Source "lmi"]
[SourceDate "2012.08.01"]
[SourceVersion "1"]
[SourceVersionDate "2018.07.18"]
[SourceQuality "1"]

1. e4 c5 2. Nf3 d6 3. d4 cxd4 4. Qxd4 a6 5. c4 Nc6 6. Qe3 Bg4 7. h3 Bxf3 8.
Qxf3 g6 9. Qb3 Rb8 10. Be3 Bg7 11. Nc3 Nf6 12. Be2 Nd7 13. Rd1 Qa5 14. O-O O-O
15. Rd2 Rfc8 16. f4 Bxc3 17. bxc3 Qc7 18. Rd5 Na5 19. Qd1 Nxc4 20. Bd4 Nf6 21.
Qe1 Nb6 22. Bf3 Nbxd5 23. exd5 Qd8 24. f5 Rc4 25. g4 Nd7 26. Be2 Rxd4 27. cxd4
Rc8 28. Bd3 Qb6 29. Qf2 Rf8 30. g5 Kg7 31. Re1 Qd8 32. Qh4 Rh8 33. Qh6+ Kg8 34.
Rc1 Nf8 35. f6 exf6 36. Rc8 Qxc8 37. gxf6 Ne6 38. dxe6 Qf8 39. Qxf8+ Kxf8 40.
e7+ Ke8 41. Be4 Kd7 42. Bxb7 Ke6 43. Bc6 Kxf6 44. e8=Q Rxe8 45. Bxe8 Ke7 46.
Bc6 f5 47. Kf2 Kf6 48. a4 a5 49. Bb5 g5 50. Kg3 h6 51. Bc4 Kg6 52. Be6 Kf6 53.
Bd7 Kg6 54. Kf3 Kf6 55. Ke3 Kg6 56. Be8+ Kf6 57. Bh5 Ke6 58. Kd3 Kf6 59. Bf3
Kg6 60. Ke3 h5 61. h4 f4+ 62. Ke4 g4 63. Bd1 f3 64. Kf4 Kf6 65. Bb3 Kg6 66. Bd5
Kf6 67. Bc6 Ke6 68. Kg3 Ke7 69. Be4 Ke6 70. Bd3 Kf7 71. Kf4 Ke6 72. Bg6 Kf6 73.
Be8 Ke7 74. Bb5 Kf6 75. Ke4 Ke7 76. Kf4 Kf6 77. Bc6 Ke6 78. Kg5 d5 79. Kf4 Kd6
80. Bb5 Ke6 81. Ke3 Kf5 82. Bd7+ Kf6 83. Be8 Kf5 84. Bxh5 1-0

[Event "38. Open Ciutat de Badalona 2012"]
[Site "Badalona ESP"]
[Date "2012.08.08"]
[Round "8.1"]
[White "Jimenez Fraga, Pedro Alejandro"]
[Black "Kiewra, Keaton F"]
[Result "1/2-1/2"]
[WhiteElo "2446"]
[BlackElo "2364"]
[PlyCount "20"]
[EventDate "2012.08.01"]
[EventType "swiss"]
[EventRounds "9"]
[EventCountry "ESP"]
[SourceTitle "Ajedrez en Madrid"]
[Source "lmi"]
[SourceDate "2012.08.01"]
[SourceVersion "1"]
[SourceVersionDate "2018.07.18"]
[SourceQuality "1"]

1. e4 c5 2. Nf3 d6 3. g3 Nc6 4. Bg2 g6 5. O-O Bg7 6. c3 e5 7. d3 Nge7 8. a3 O-O
9. b4 h6 10. Re1 Be6 1/2-1/2

[Event "38. Open Ciutat de Badalona 2012"]
[Site "Badalona ESP"]
[Date "2012.08.08"]
[Round "8.2"]
[White "Lalith, Babu M R"]
[Black "Buchenau, Frank"]
[Result "1-0"]
[WhiteElo "2515"]
[BlackElo "2299"]
[PlyCount "73"]
[EventDate "2012.08.01"]
[EventType "swiss"]
[EventRounds "9"]
[EventCountry "ESP"]
[SourceTitle "Ajedrez en Madrid"]
[Source "lmi"]
[SourceDate "2012.08.01"]
[SourceVersion "1"]
[SourceVersionDate "2018.07.18"]
[SourceQuality "1"]

1. Nf3 Nf6 2. c4 e6 3. g3 b6 4. Bg2 Bb7 5. O-O Be7 6. d4 O-O 7. Nc3 Ne4 8. Qc2
Nxc3 9. Qxc3 f5 10. Bf4 Bf6 11. Rfd1 d6 12. Qe3 Qe7 13. Rac1 Nd7 14. b4 Be4 15.
c5 h6 16. h4 Rfc8 17. h5 Kh8 18. g4 bxc5 19. bxc5 Rab8 20. Bh3 e5 21. dxe5 dxe5
22. Bh2 Bxf3 23. Qxf3 Bg5 24. e3 f4 25. c6 e4 26. Qh1 fxe3 27. cxd7 exf2+ 28.
Kf1 Rf8 29. Rc4 Rb4 30. Rc2 e3 31. Qd5 Qf6 32. Be5 Qa6+ 33. Re2 Ra4 34. d8=Q
Rxd8 35. Qxd8+ Bxd8 36. Rxd8+ Kh7 37. g5 1-0

[Event "38. Open Ciutat de Badalona 2012"]
[Site "Badalona ESP"]
[Date "2012.08.08"]
[Round "8.3"]
[White "Ortiz Suarez, Isan Reynaldo"]
[Black "Rojas Keim, Luis"]
[Result "1-0"]
[WhiteElo "2569"]
[BlackElo "2426"]
[PlyCount "90"]
[EventDate "2012.08.01"]
[EventType "swiss"]
[EventRounds "9"]
[EventCountry "ESP"]
[SourceTitle "Ajedrez en Madrid"]
[Source "lmi"]
[SourceDate "2012.08.01"]
[SourceVersion "1"]
[SourceVersionDate "2018.07.18"]
[SourceQuality "1"]

1. d4 Nf6 2. c4 e6 3. Nf3 c5 4. d5 d6 5. Nc3 exd5 6. cxd5 g6 7. Bf4 a6 8. a4
Bg7 9. h3 O-O 10. e3 Qe7 11. Nd2 Nbd7 12. Be2 Ne8 13. O-O Ne5 14. Qb3 f5 15.
Bh2 g5 16. Rae1 g4 17. hxg4 Nxg4 18. Bf4 Be5 19. Nc4 Nef6 20. Bxg4 Nxg4 21. f3
Nf6 22. Nxe5 dxe5 23. d6+ Qe6 24. Qxe6+ Bxe6 25. Bxe5 Nd7 26. Bf4 Bc4 27. Rf2
b5 28. Rc1 Rac8 29. axb5 axb5 30. Rd2 b4 31. Nd5 Bxd5 32. Rxd5 Ra8 33. Kf2 Ra2
34. Rd2 Rfa8 35. Ke2 Ra1 36. Rxa1 Rxa1 37. Kd3 Kf7 38. Kc4 Ke6 39. g3 Rc1+ 40.
Kb3 Rh1 41. Ka4 h5 42. Kb5 Rc1 43. Rh2 Nf6 44. e4 Rf1 45. e5 Kd5 1-0

[Event "38. Open Ciutat de Badalona 2012"]
[Site "Badalona ESP"]
[Date "2012.08.08"]
[Round "8.4"]
[White "Munoz Pantoja, Miguel"]
[Black "Hernandez, Carmenate Holden"]
[Result "1/2-1/2"]
[WhiteElo "2496"]
[BlackElo "2566"]
[PlyCount "85"]
[EventDate "2012.08.01"]
[EventType "swiss"]
[EventRounds "9"]
[EventCountry "ESP"]
[SourceTitle "Ajedrez en Madrid"]
[Source "lmi"]
[SourceDate "2012.08.01"]
[SourceVersion "1"]
[SourceVersionDate "2018.07.18"]
[SourceQuality "1"]

1. e4 c5 2. Nf3 e6 3. c4 Nc6 4. Nc3 Nd4 5. g3 Ne7 6. Bg2 Nec6 7. O-O g6 8. d3
Bg7 9. Nxd4 cxd4 10. Ne2 O-O 11. f4 f5 12. e5 d6 13. exd6 Qxd6 14. Bd2 b6 15.
Qb3 Rb8 16. Rae1 Bb7 17. Qa3 Qxa3 18. bxa3 Rfd8 19. Nc1 Kf7 20. Nb3 Bf8 21. Bc1
a5 22. Bb2 h6 23. Re2 a4 24. Nd2 Na5 25. Rfe1 b5 26. cxb5 Bxg2 27. Kxg2 Rxb5
28. Nf3 Bg7 29. Ba1 Rd6 30. Rc2 Nc6 31. Rec1 Rb6 32. Rc4 Ra6 33. Rb1 Rd7 34.
Rbc1 Rd6 35. Rb1 Ke7 36. Rb7+ Rd7 37. Rxd7+ Kxd7 38. Nxd4 Bf8 39. Nxc6 Rxc6 40.
Rxa4 Rc2+ 41. Kf3 Rxh2 42. Ra7+ Kc6 43. Ra6+ 1/2-1/2